1782 1723 1745 1426 1922 1661 1053 1014 1664 1346 1396 1740 1718 1414 1458 1801 1764 1155 1525 1633 1309 1792 1197 1382 1542 1860 1208 1403 1355 1878 1768 1051 1201 1039 1788 1173 1967 1459 1772 1025 1571 1252 1485 1706 1472 1652 1261 1772 1911 1189 1484 1795 1327 1615 1095 1412 1525 1445 1319 1850 1734 1031 1205 1457 1614 1815 1008 1550 1864 1435 1806 1626 1511 1341 1222 1622 1693 1951 1457 1014 1054 1169 1438 1399 1884 1261 1681 1019 1959 1022 1551 1136 1298 1142 1495 1827 1986 1612 1715 BCNSPRNW ULIB Ver.6.0+V

เปลี่ยนเป็นภาษาไทย

Change to English
 แสดงรายละเอียดบรรณานุกรม
  กลับหน้าหลัก

Brief Record : Get Marc (ISO 2709) : E-mail record : QR code < ปิดหน้าต่าง
LEADER : 00000nam 2200000uu 4500
001    13399112764
003     ULIB
008    110908s2541||||th 000 0 tha d
020    9742916233
050  4 LB1051^bก285ส 2541
100 0  อภิสิทธ์ เวชชาชีวะ
245 10 สู่อนาคตที่ดีกว่า 3/^cโดย อภิสิทธ์ เวชชาชีวะ
250    พิมพ์ครั้งที่ 1
260    กรุงเทพฯ :^bอู่พิมพ์เดือนเพ็ญ,^c2541
300    48 หน้า
650  4 การปฏิรูปการเรียนรู้
650  4 การปฏิรูปการศึกษา
945    ^p0^l0^i014331
945    ^p0^l0^i014332
945    ^p0^l0^i014333
945    ^p0^l0^i019466
945    ^p0^l0^i019467
945    ^p0^l0^i019468
945    ^p0^l0^i019469
945    ^p0^l0^i019470
945    ^p0^l0^i020316
945    ^p0^l0^i020317
995    ทศพร
999 ^a ทศพร
รายการนี้ยังไม่มีแท็ก
คุณยังไม่ได้ล็อกอิน คุณสามารถมีกิจกรรมร่วมกับเว็บไซต์ได้ แต่ต้องล็อกอินก่อน ::
  ล็อกอิน

รายการสื่อสารสนเทศ

ลำดับที่ ประเภท เลขเรียก/บาร์โค้ด สถานที่ สถานะ
- ไม่พบข้อมูล -

รายการใกล้เคียง
    หัวเรื่อง [การปฏิรูปการเรียนรู้]
    หัวเรื่อง [การปฏิรูปการศึกษา]

BibComment


ยังไม่เคยถูกคอมเมนท์

คอมเมนท์ทรัพยากรรายการนี้
  คอมเมนท์: สู่อนาคตที่ดีกว่า..


 Copyright 2026. Bcnsprnw @Library